000 00671nam a22002057a 4500
005 20260127154245.0
010 _aENG-146616 ENG-147674
020 _a9789359062228
_c100.00
035 _aEN-130146
035 _aEN-131206
037 _bDBAD
082 _aS
100 _aSudheer, Jaladi Ratna
_986898
245 _aHeart Beats/
_cJaladi Ratna Sudheer
260 _aHyderabad
_bjaladi Ratna Sudheer
_cSep, 2023
270 _a501,Saikrishna Towers 8-3-229/16/W Hylem Colony, Venkatagiri
_bHyderabad
_e500045
300 _a121p.
_c21cm(pbk)
700 _aBeham, M.Parisa ; Tamilselvi, R. ; Ramya, S. ; Shanmugapriya and Judith,J.
_984656
942 _2ddc
_cEN
_hS
_mSUD
999 _c213308
_d213308